| 000 | 01054nam a2200193Ia 4500 | ||
|---|---|---|---|
| 999 |
_c8128 _d8128 |
||
| 005 | 20250704140452.0 | ||
| 008 | 230506s9999 xx 000 0 und d | ||
| 040 |
_aUPAN _cBiblioteca San Vicente _eRCAA2 |
||
| 041 | _aspa | ||
| 082 |
_a346.01 _bC678l _c2006 |
||
| 110 | _aCorte Suprema de Justicia | ||
| 245 | 0 |
_aLegislación de familia./ _bCorte Suprema de Justicia |
|
| 250 | _a1° ed. | ||
| 260 |
_aEl Salvador: _bCorte Suprema de Justicia, _c2006 |
||
| 300 |
_a293 p.: _c24 cm. |
||
| 505 | _aCòdigo de familia Ley procesal de familia Ley del nombre de la persona natural Ley contra la violencia intrafamiliar Ley transitoria del registro del estado familiar y de los regìmenes patrimoniales del matrimonio Ley òrganica del registro nacional de las personas naturales Ley del Instituto Salvadoreño para el Desarrollo de la Mujer Reglamento de la ley òrganica del registro nacional de las personas naturales Reglamento de la ley del Instituto Salvadoreño para el Desarrollo de la Mujer | ||
| 650 |
_2LEMB _aLegislaciòn |
||
| 942 |
_cBK _2ddc |
||